| 000 | 00656nam a2200265Ia 4500 | ||
|---|---|---|---|
| 005 | 20260121165707.0 | ||
| 008 | 008 260114s9999 xx 000 0 eng d | ||
| 020 | _a9783319305967 | ||
| 037 | _aEBOOK | ||
| 040 | _aCRL | ||
| 040 | _beng | ||
| 040 | _cCRL | ||
| 041 | _2eng | ||
| 041 | _aeng | ||
| 084 | _qCRL | ||
| 100 |
_aMing Li, William D. Spaulding _91054886 |
||
| 245 | 4 | _aThe Neuropsychopathology of Schizophrenia | |
| 260 | _bSpringer | ||
| 260 | _bSpringer | ||
| 260 | _c2016 | ||
| 856 | _uhttps://link.springer.com/openurl?genre=book&isbn=978-3-319-30596-7 | ||
| 942 | _cEBOOK | ||
| 999 |
_c1620613 _d1620613 |
||